Responses for show #4676 - Monday, December 27, 2004

Aaron Thompson game 3.

Contestants

David Gibbs, an editor and graduate student from Los Angeles, California

Christian Mastrodonato, an artist from San Francisco, California

Aaron Thompson, an executive assistant from Washington, D.C. (whose 2-day cash winnings total $45,100)

Jeopardy! Round responses

HEALTH CARE
TIMES SQUARE AT 100
TRANSPORTATION
NOT A STATE CAPITAL
FROM SOUP TO NUTS
"SEA" DUTY
    $200 16
a copay

David
    $200 6
Vaudeville

Aaron
    $200 26
a hot air balloon

Christian
    $200 1
Baltimore

Aaron
    $200 21
penicillin

Aaron
    $200 11
sea legs

Christian
    $400 17
a chiropractor

Aaron
    $400 7
The Great White Way

Triple Stumper
    $400 27
a parachute

Aaron
    $400 2
Omaha

David
    $400 22
a pearl onion

Aaron
    $400 12
(Christian: What is a manatee?)

seahorse

AaronChristian
    $600 18
Hillary Clinton

David
    $600 8
1945

Christian
    $600 28
the Acela

Aaron
    $600 3
Boulder

Aaron
    $600 23
a mushroom

Aaron
    $600 13
sea biscuit

Aaron
    $800 19
(Christian: [*].)
(Alex: Phrasing. What is...)
(Christian: What is [*]?)

Number of uninsured Americans (Americans who don't have health insurance)

Christian
    $800 9
the (New Year's Eve dropping) ball

David
    $2,400 29
(Aaron: what is passenger?)

commercial

Aaron
    $800 4
Philadelphia

David
    $800 24
(David: What's a clay oven?)

tandoori oven

ChristianDavid
    $800 14
the Seabees

Triple Stumper
    $1000 20
Nurses

David
    $1000 10
(Christian: Who is Pulitzer?)

Adolph Ochs

Christian
Triple Stumper
    $1000 30
magnetic levitation

David
    $1000 5
Detroit

Aaron
    $1000 25
the walnut

Triple Stumper
    $1000 15
a sea-change

David

Scores at the first commercial break (after clue 15):

Aaron Christian David
$3,000 -$600 $3,000

Scores at the end of the Jeopardy! Round:

Aaron Christian David
$3,200 $1,200 $5,000

Double Jeopardy! Round responses

SCIENCE
MAX-IMUM OVERDRIVE
TITLE CHARACTERS
PORTRAIT OF A MILITARY MAN
WILL YOU STILL NEED "ME"
WHEN I'M 64
    $400 1
the horizon

David
    $400 26
Max Factor

David
    $400 2
Frankenstein

Aaron
    $400 7
Lawrence (of Arabia)

Aaron
    $400 21
meatballs

Aaron
    $400 12
Dumbo

Aaron
    $800 15
Orion

David
    $800 27
Maxwell Smart

David
    $800 3
Gulliver

Aaron
    $800 8
(Erwin) Rommel

David
    $800 22
meteorology

Aaron
    $800 13
Rome

Aaron
    $1200 16
(Aaron: What is carbon?)
(Christian: What is fluorine?)

chlorine

AaronChristian
Triple Stumper
    $1200 28
Sunset Boulevard

David
    $1200 4
(David: Who is Mr. Rochester?)

Emma

AaronDavid
    $1200 9
(Simón) Bolívar

Aaron
    $1200 23
Mekong River

Aaron
    $1200 14
(Aaron: What is Mauna Kea?)

Mauna Loa

AaronChristian
    $1600 17
pseudopods

Triple Stumper
    $1600 29
Max Gail

Triple Stumper
    $2,400 5
(Alex: Yes. Well done. You had to go through a lot of Dickens works to get to [*].)

Little Dorrit

Aaron
    $1600 10
(Isoroku) Yamamoto

Aaron
    $1600 24
methinks

Aaron
    $1600 19
"The Minute Waltz" (by Frédéric Chopin)

David
    $2,200 18
(David: I don't know.)

monosodium glutamate (or MSG)

David
    $2000 30
The Blue Max

Triple Stumper
    $2000 6
Eugene Onegin

Triple Stumper
    $2000 11
(Paul von) Hindenburg

Aaron
    $2000 25
(Edwin) Meese

David
    $2000 20
I Ching

Triple Stumper

Scores at the end of the Double Jeopardy! Round:

Aaron Christian David
$16,000 $1,200 $9,600

[wagering suggestions for these scores]

Final Jeopardy! Round responses

BODIES OF WATER
ChristianWhat is the Red Sea?
$1,200
DavidWhat is the Mediterranean?
$7,200
AaronWhat is the Mediterranean Sea?
$3,201
the Red Sea

Final scores:

Aaron Christian David
$12,799 $2,400 $2,400
3-day champion: $57,899 3rd place: $1,000 2nd place: $2,000

Game dynamics:

Coryat scores:

Aaron Christian David
$17,600 $1,200 $11,800
26 R
(including 1 DD),
3 W
(including 1 DD)
6 R,
3 W
16 R,
3 W
(including 1 DD)

Combined Coryat: $30,600

The J! Archive is created by fans, for fans. The Jeopardy! game show and all elements thereof, including but not limited to copyright and trademark thereto, are the property of Jeopardy Productions, Inc. and are protected under law. This website is not affiliated with, sponsored by, or operated by Jeopardy Productions, Inc. Join the discussion at JBoard.tv.